|
|
|
|
| LEADER |
01520nam a2200265 u 4500 |
| 001 |
10001471 |
| 003 |
GR-PaULI |
| 005 |
20210117211032.0 |
| 008 |
881025s2007 gr gre |
| 952 |
|
|
|0 0
|1 0
|2 ddc
|4 0
|6 305_094000000000000_95_ΑΠΟ
|7 0
|9 238900
|a PTDE
|b PTDE
|d 2020-02-05
|i 11999
|l 0
|o 305.094 95 ΑΠΟ
|p 025000211891
|r 2020-02-05 00:00:00
|t 1
|v 2020.00
|w 2020-02-05
|y BK15
|
| 999 |
|
|
|c 144218
|d 144218
|
| 020 |
|
|
|a 9789607093950
|
| 040 |
|
|
|a GR-PaULI
|c GR-PaULI
|b gre
|e AACR2
|
| 082 |
0 |
4 |
|a 305.094 95
|2 23
|
| 245 |
0 |
0 |
|a Αποτύπωση της κοινωνικής ταυτότητας και εντοπισμός των ομάδων σε κοινωνικό αποκλεισμό στο νομό Δωδεκανήσου /
|b
|c Α. Σισσούρας... [και.ά.]
|
| 260 |
|
|
|a Αθήνα :
|b Εθνικό Κέντρο Κοινωνικών Ερευνών,
|c 2007.
|
| 300 |
|
|
|a 296 σ. :
|b εικ. ;
|c 25 εκ.
|
| 490 |
1 |
|
|a Μελέτες - Έρευνες (Εθνικό Κέντρο Κοινωνικών Ερευνών)
|v 3.
|
| 504 |
|
|
|a Περιλαμβάνει βιβλιογραφία.
|
| 505 |
|
|
|a
|
| 650 |
|
4 |
|a Κοινωνική περιθωριοποίηση
|9 179839
|z Ελλάδα
|z Δωδεκάνησος (Νομός).
|
| 650 |
|
4 |
|a Κοινωνική ταυτότητα
|9 179840
|z Ελλάδα
|z Δωδεκάνησος (Νομός).
|
| 830 |
|
0 |
|9 176657
|a Μελέτες - Έρευνες (Εθνικό Κέντρο Κοινωνικών Ερευνών)
|v 3.
|
| 942 |
|
|
|2 ddc
|c BK15
|
| 998 |
|
|
|c ΤΣΕΝΕ
|d 2020-02
|